000 00453nam a22001577a 4500
003 OSt
005 20240403123053.0
008 240403b |||||||| |||| 00| 0 eng d
040 _cCentral Library MRSPTU
100 _aJonny Chuter
245 _aThe Mind Menu
_bA Practical Guide to Creating the Life You want Through the Power of Your Thoughts
250 _a1st
260 _aBhopal
_bIndra Publishing House
_c2009
300 _a248
942 _2ddc
_cBK
_n0
999 _c9966
_d9966